| 000 | 00856cab a2200241 4500 | ||
|---|---|---|---|
| 001 | WB3513-50 | ||
| 008 | 090401t1999 xxu||||| |||| 00| 0 eng d | ||
| 035 | _a(Sirsi) u92619 | ||
| 041 | _aeng | ||
| 245 | _aLettings sector survey | ||
| 260 | _c1999 | ||
| 350 | _a0 | ||
| 490 |
_aRICS Press Release _v(pr185.res) 29 March 1999 (2) |
||
| 520 | _aThe latest RICS lettings market survey indicates that slowing house prices towards the end of 1998 diminished investment in the rental sector. Copies of the survey available from the RICS press office on 0171 334 3723. | ||
| 650 | _aLETTINGS MARKET | ||
| 650 | _aPRIVATE RENTED SECTOR | ||
| 650 | _aRESIDENTIAL LETTINGS MARKET | ||
| 650 | _aRESIDENTIAL SECTOR | ||
| 650 | _aRICS SURVEY | ||
| 690 | _aPROPERTY-RESIDENTIAL PROPERTY-RESIDENTIAL PROPERTY MARKET | ||
| 942 | _n0 | ||
| 948 | _c08/04/1999 | ||
| 999 |
_c58692 _d58692 |
||